01220nam a2200265 a 450000100100000000500170001000800410002702000180006804000250008608200170011110000320012824501560016026000470031630000210036350000860038465000330047065000360050365000210053965000360056070000520059670000530064895201150070195201210081699900170093700002490620260116105540.0100712s1998 ck 000 | spa d a9789582810382 aDO-SdBNPbspacBNPHU a158.1bxxxxx1 aMoreno Cano, Óscar95113710aCómo sobrevivir sin empleo y triunfar /cÓscar Moreno Cano ; edición Gustavo Mauricio García Arenas ; prólogo Luis Carlos Villegas Echeverri. aSanta Fe de Bogotá :bIntermedio,c1998. a190 p. ;c21 cm. aSi está desempleado o aburrido con su empleo, la solución está en sus manos 0aPsicología aplicada 91579 4aAutoayuda y superación913110 0aAutoestima 9212 4aSeguridad (psicología)9280011 aGarcía Arenas , Gustavo Mauricio,eed.9511381 aVillegas Echeverri, Luis Carlos,epról.951139 001050718MOaGRbGRcHDd2011-02-07iLF1l0o158.1 xxxxxp24906-10r2020-06-25w2020-06-25y1ZNo se presta 001150718MOaGRbGRcMId2017-06-02iLF1l0o158.1 xxxxxp24906-20r2020-06-25te. 2w2020-06-25y1ZNo se presta c24399d24399